01614nam a22001457a 4500008004100000020001500041050001600056100001500072245011400087260004100201300001700242505116400259650002301423700002201446121204t xxu||||| |||| 00| 0 eng d a087975446x aHX39.5.A224 aMarx, Karl aEconomic and philosophic manuscripts of 1844 /cKarl Marx, Frederick Engels and translated by Martin Milligan aNew York:bPrometheus Books,cc1998. a243p.c21cm. aContents: Translator's note on terminology -- Economic and philosophic manuscripts of 1844 by Karl Marx -- Wages of labor -- Profit of capital: Capital -- The Profit of capital -- The Rule of capital over labor and the motives of the capitalist -- The Accumulation of capitals and the competition among the capitalists -- Rent of land -- (Estranged labor) -- (Antithesis of capital and labor. Landed property and capital) -- (Private property and labor views of the mercantile system and physiocracy, Adam Smith, Ricardo and his school) -- (Private property and communism. Various stages of development of communist views. Crude, equalitarian communism and communism as socialism coinciding with humaneness) -- (The Meaning of human requirements where there is private property and under socialism. The Difference between extravagant wealth and industrial wealth. Division of labor in bourgeois society) -- (The Power of money in bourgeois society) -- (Critique of the Hengelian dialectic and philosophy as a whole) -- Appendix: outlines of a critique of political economy by Frederick Engels -- Manifesto of communist party by Karl Marx and Frederick Engels. bMarxian economics. aEngels, Frederick